000 00958nam a22002057a 4500
999 _c60251
_d60251
003 Ge_BSU
005 20230622110339.0
008 230622b xxu||||| |||| 00| 0 geo d
020 _a9992856602
041 _ageo
080 _a930(479.22)(092) კ-44
245 _aკვალი ნათელი :
_b[მიხეილ გეგეშიძის ხსოვნას] /
_c[რედ.: ს. ჭანტურიშვილი, თ. ცაგარეიშვილი].
264 _aთბილისი :
_bთბილ. უნ-ტის გამ-ბა,
_c1998.
300 _a164 გვ. ;
_b20 სმ.
504 _aბიბლიოგრ. ტექსტის შენიშვნ.
653 _aგეგეშიძე, მიხეილ
653 _aქართველი ისტორიკოსები
700 _aჭანტურიშვილი, ს.
_eრედაქტორი
_918886
942 _2udc
_cBK